书目信息 |
| 题名: |
农药安全使用与经营
|
|
| 作者: | 胡国安 , 孙福华 , 李红莲 主编 | |
| 分册: | ||
| 出版信息: | 北京 中国农业科学技术出版社 2018.06 |
|
| 页数: | 203页 | |
| 开本: | 21cm | |
| 丛书名: | ||
| 单 册: | ||
| 中图分类: | S48 , F767.2 | |
| 科图分类: | ||
| 主题词: | 农药施用--安全技术 , 农药--销售 | |
| 电子资源: | ||
| ISBN: | 978-7-5116-3664-5 | |
| 000 | 01026nam0 2200277 450 | |
| 001 | 4992 | |
| 005 | 20181013170337.21 | |
| 010 | @a978-7-5116-3664-5@dCNY32.00 | |
| 100 | @a20180913d2018 em y0chiy50 ea | |
| 101 | 0 | @achi |
| 102 | @aCN@b110000 | |
| 105 | @ay z 000yy | |
| 200 | 1 | @a农药安全使用与经营@9nong yao an quan shi yong yu jing ying@f胡国安,孙福华,李红莲主编 |
| 210 | @a北京@c中国农业科学技术出版社@d2018.06 | |
| 215 | @a203页@d21cm | |
| 300 | @a新型职业农民培养系列教材 | |
| 330 | @a本书主要介绍农药安全使用的方法和实用技术等,内容包括农药基础知识、农药购买与贮藏、农药的科学选用、农药施用方法、施用器械的正确使用方法、无人机施药技术、农药使用人员安全防护与预防中毒、农药经营人员基本技能、农药经营发展趋势等内容。 | |
| 606 | 0 | @a农药施用@x安全技术 |
| 606 | 0 | @a农药@x销售 |
| 690 | @aS48@v5 | |
| 690 | @aF767.2@v5 | |
| 701 | 0 | @a胡国安@9hu guo an@4主编 |
| 701 | 0 | @a孙福华@9sun fu hua@4主编 |
| 701 | 0 | @a李红莲@9li hong lian@4主编 |
| 801 | 0 | @aCN@b91MARC@c20180913 |
| 905 | @aMuseLib@dS48@e142 | |
| 农药安全使用与经营/胡国安,孙福华,李红莲主编.-北京:中国农业科学技术出版社,2018.06 |
| 203页;21cm |
| 新型职业农民培养系列教材 |
| ISBN 978-7-5116-3664-5:CNY32.00 |
| 本书主要介绍农药安全使用的方法和实用技术等,内容包括农药基础知识、农药购买与贮藏、农药的科学选用、农药施用方法、施用器械的正确使用方法、无人机施药技术、农药使用人员安全防护与预防中毒、农药经营人员基本技能、农药经营发展趋势等内容。 |
| ● |
| 相关链接 |
|
|
|
|
正题名:农药安全使用与经营
索取号:S48/142
 
预约/预借
| 序号 | 登录号 | 条形码 | 馆藏地/架位号 | 状态 | 备注 |
| 1 | 1127609 | 211276091 | 第二样本阅览室/ [索取号:S48/142] | 在馆 | |
| 2 | 1127610 | 211276108 | 第三借阅区/ [索取号:S48/142] | 在馆 | |
| 3 | 1127611 | 211276117 | 第三借阅区/ [索取号:S48/142] | 在馆 | |
| 4 | 1127612 | 211276126 | 第三借阅区/ [索取号:S48/142] | 在馆 | |
| 5 | 1127613 | 211276135 | 密集书库-生命科学系/ [索取号:S48/142] | 在馆 |